Juventud, población y desarrollo en América Latina y el Caribe (Registro nro. 4083)

Detalles MARC
000 -LEADER
fixed length control field 01221 a2200241 4500
001 - CONTROL NUMBER
control field 45954
005 - DATE AND TIME OF LATEST TRANSACTION
control field 20260407155732.0
008 - FIXED-LENGTH DATA ELEMENTS--GENERAL INFORMATION
fixed length control field 260407a2000 arg spa d
003 - CONTROL NUMBER IDENTIFIER
control field AR-UNSa-BCEJYS
040 ## - CATALOGING SOURCE
Original cataloging agency AR-UNSa-BCEJYS
Language of cataloging spa
Transcribing agency AR-UNSa-BCEJYS
080 ## - UNIVERSAL DECIMAL CLASSIFICATION NUMBER
Universal Decimal Classification number 314
Common auxiliary subdivision Demografía. Estudios de población
020 ## - INTERNATIONAL STANDARD BOOK NUMBER
International Standard Book Number 92-1-321679-3
041 ## - LANGUAGE CODE
Language code of text/sound track or separate title spa
100 1# - MAIN ENTRY--PERSONAL NAME
Personal name Naciones Unidas. Comisión Económica para América Latina y el Caribe (CEPAL)
245 10 - TITLE STATEMENT
Title Juventud, población y desarrollo en América Latina y el Caribe
Name of part/section of a work problemas, oportunidades y desafíos
264 #1 - PRODUCTION, PUBLICATION, DISTRIBUTION, MANUFACTURE, AND COPYRIGHT NOTICE
Place of production, publication, distribution, manufacture Santiago de Chile :
Name of producer, publisher, distributor, manufacturer CEPAL (Comisión Económica para América Latina y el Caribe)
Date of production, publication, distribution, manufacture, or copyright notice 2000
300 ## - PHYSICAL DESCRIPTION
Extent 457 p.
Dimensions 23 cm.
505 ## - FORMATTED CONTENTS NOTE
Formatted contents note 1. Elementos para un marco conceptual y contextual – 2. Dinámica de la población y juventud – 3. Condiciones de vida, estratificación social y formas de representación – 4. Salud reproductiva de los jóvenes – 5. Juventud y políticas públicas –
590 ## - LOCAL NOTE (RLIN)
Local note niveau_biblio:m niveau_hierar:0
700 1# - ADDED ENTRY--PERSONAL NAME
Personal name Centro Latinoamericano y Caribeño de Demografía (CELADE)
856 41 - ELECTRONIC LOCATION AND ACCESS
Uniform Resource Identifier <a href="https://www.biblioeco.unsa.edu.ar/pmb/images/libros/L127243.jpg">https://www.biblioeco.unsa.edu.ar/pmb/images/libros/L127243.jpg</a>
Link text Imagen de portada
Electronic format type image/jpeg
942 ## - ADDED ENTRY ELEMENTS (KOHA)
Koha item type
Existencias
Withdrawn status Lost status Damaged status Not for loan Home library Current library Shelving location Date acquired Total checkouts Full call number Barcode Date last seen Price effective from Koha item type
        Biblioteca Prof. Eusebio Cleto del Rey Biblioteca Prof. Eusebio Cleto del Rey   07/04/2026   314 C397 L127243 07/04/2026 07/04/2026 Libro